| 000 | 00589nam a2200169Ia 4500 | ||
|---|---|---|---|
| 008 | 230917s9999||||xx |||||||||||||| ||und|| | ||
| 020 | _cRS 995.00 | ||
| 040 |
_e5016353 _aMAIN |
||
| 041 | _aEnglish | ||
| 082 | _a891.43172109 KM125:SU | ||
| 100 | _aसुजाता | ||
| 245 | 0 | _aआलोचना का स्त्री-पक्ष: पद्ति , परम्परा और पाठ | |
| 260 |
_aनई दिल्ली _bराजकमल प्रकाशन _c2022 |
||
| 300 | _a350 p. | ||
| 500 | _a4976 03/01/2023 RAJ23/9920 05/01/2023 Main Budget | ||
| 942 | _cBK | ||
| 999 |
_c8203 _d8203 |
||